000 00297nam a2200121Ia 4500
008 190216s9999||||xx |||||||||||||| ||und||
100 _aLucas C Henry
245 0 _aInformation Technology For Management
260 _bTata Mcgrawhill Publishers
300 _a730
650 _aCommerce
942 _cBK
999 _c7205
_d7205